| 000 | 00857nam a2200241 a 4500 | ||
|---|---|---|---|
| 001 | 891 | ||
| 003 | CDMR | ||
| 005 | 20131204101440.0 | ||
| 008 | 130130s1982||||||||||||||||||||||||||||d | ||
| 020 | _a8436801849 | ||
| 040 |
_aCDMR _bcat _cCDMR |
||
| 100 | 1 |
_aRighter, Rosemary _9696 |
|
| 245 | 1 | 3 |
_aEl control de la información _b: política, prensa y tercer mundo _cRosemary Righter |
| 246 |
_aWhose news? _b: Politics, the Press and the Third World |
||
| 260 |
_aMadrid _c1982 _bPirámide |
||
| 300 | _a247 p. | ||
| 490 | 0 | _aMedios (Pirámide) | |
| 650 | 0 | 4 |
_94427 _aMitjans de comunicació de massa en el desenvolupament comunitari |
| 650 | 0 | 4 |
_94405 _aMitjans de comunicació de massa _zPaïsos en vies de desenvolupament |
| 650 | 0 | 4 |
_93243 _aMitjans de comunicació de massa _xManipulació |
| 650 | 0 | 4 |
_94364 _aPolítica de la comunicació |
| 942 |
_cMON _2udc |
||
| 999 |
_c891 _d891 |
||